Focus (Record no. 83604)

MARC details
000 -LEADER
fixed length control field 00945cab a22002295a 4500
001 - CONTROL NUMBER
control field L154410
008 - FIXED-LENGTH DATA ELEMENTS--GENERAL INFORMATION
fixed length control field 111128e20111119xxk 000 0 eng d
035 ## - SYSTEM CONTROL NUMBER
System control number (Sirsi) u154410
041 0# - LANGUAGE CODE
Language code of text/sound track or separate title eng
100 1# - MAIN ENTRY--PERSONAL NAME
Personal name Simmons, Mark
245 00 - TITLE STATEMENT
Title Focus
Remainder of title East London and Thames Gateway
260 ## - PUBLICATION, DISTRIBUTION, ETC.
Date of publication, distribution, etc. 2011
490 ## - SERIES STATEMENT
Series statement Estates Gazette
Volume/sequential designation (1146) 19 November 2011, 69-79(9)
520 ## - SUMMARY, ETC.
Summary, etc. Includes information on the possibility of creative businesses deserting London W1 for lower rents in the East End; the progress of East London's Tech City which was launched last year by David Cameron and the building of a huge new port and logistics park in South Essex which is being developed on the site of the former Shellhaven oil refinery in Thurrock.
590 ## - LOCAL NOTE (RLIN)
Local note KA
651 #4 - SUBJECT ADDED ENTRY--GEOGRAPHIC NAME
Geographic name London
651 #4 - SUBJECT ADDED ENTRY--GEOGRAPHIC NAME
Geographic name Essex
690 ## - LOCAL SUBJECT ADDED ENTRY--TOPICAL TERM (OCLC, RLIN)
Topical term or geographic name as entry element PROPERTY-COMMERCIAL PROPERTY-COMMERCIAL PROPERTY MARKET
700 1# - ADDED ENTRY--PERSONAL NAME
Personal name Morrison, Adrian
700 1# - ADDED ENTRY--PERSONAL NAME
Personal name Smulian, Mark
942 ## - ADDED ENTRY ELEMENTS (KOHA)
Suppress in OPAC 0
Holdings
Withdrawn status Lost status Source of classification or shelving scheme Damaged status Not for loan Home library Current library Shelving location Date acquired Total Checkouts Full call number Barcode Date last seen Copy number Price effective from Koha item type
    Dewey Decimal Classification     London London Journal article 28/11/2011   L154410 154410-1001 06/08/2019 1 06/08/2019 Journal article